00358nam a2200145Ia 4500003000400000005001700004008004100021040000900062082001700071100000900088245004900097260004400146300000900190650001300199OSt20260326140607.0190216s9999||||xx |||||||||||||| ||und|| coclc a398.2bMAL/T aMali 0aThiranjedutha Hans Anderson Kathakal /cMali bPoorna Publications,aKozhikode:c1999. a169p aKathakal